[Event "Tournoi Skype 028B"]
[Site "Skype"]
[Date "????.??.??"]
[Round "5.39"]
[White "Campos Silva, Lucas"]
[Black "Abate, Luigi"]
[Result "1/2-1/2"]
[WhiteElo "1000"]
[BlackElo "1189"]
[PlyCount "128"]

1. d4 Nf6 2. Bg5 Ne4 3. Bf4 d5 4. c3 Nc6 5. f3 Nd6 6. e3 f6 7. Na3 a6 8. Bd3 e5
9. Bg3 e4 10. fxe4 dxe4 11. Bc2 f5 12. Ne2 Qg5 13. O-O Qxe3+ 14. Bf2 Qg5 15.
Qc1 Qg4 16. Bd1 Be7 17. Nf4 Qg5 18. Nd5 O-O 19. Nxc7 Ra7 20. Nd5 Bd8 21. Bb3
Kh8 22. Be3 Qh4 23. Bf2 Qg4 24. Bd1 Qg5 25. Qxg5 Bxg5 26. Nb6 Be6 27. d5 e3 28.
dxe6 exf2+ 29. Kxf2 Ne4+ 30. Kg1 Be3+ 31. Kh1 Bxb6 32. Nc4 Bc5 33. Bf3 Nf2+ 34.
Rxf2 Bxf2 35. Bxc6 bxc6 36. e7 Rxe7 37. Rd1 Rfe8 38. g3 Re1+ 39. Rxe1 Bxe1 40.
Nd6 Rf8 41. Nc4 h5 42. Ne5 h4 43. Ng6+ Kg8 44. Nxf8 Kxf8 45. gxh4 Bxh4 46. b3
Ke7 47. Kg2 g5 48. Kf3 f4 49. h3 Kf6 50. c4 Be1 51. Kg4 Bd2 52. Kf3 Be1 53. Ke4
Kg6 54. Kf3 Kh5 55. Kg2 Kh4 56. c5 g4 57. hxg4 Kxg4 58. Kf1 Bh4 59. b4 f3 60.
b5 axb5 61. a3 Kg3 62. Kg1 f2+ 63. Kf1 Kf3 64. a4 bxa4 1/2-1/2

[Event "Tournoi Skype 028B"]
[Site "Skype"]
[Date "????.??.??"]
[Round "5.40"]
[White "Gomez Zuluaga, Jorge Adiel"]
[Black "Florez Beltran, Leidy Lucila"]
[Result "1-0"]
[WhiteElo "1000"]
[BlackElo "1176"]
[PlyCount "25"]

1. e4 e5 2. Nf3 Nc6 3. Bc4 Bc5 4. O-O Nf6 5. Nc3 O-O 6. b3 Bb6 7. Qe2 d6 8. Ng5
Nd4 9. Qd3 Bg4 10. Kh1 Be2 11. Nxe2 d5 12. exd5 Nxd5 13. Qxh7# 1-0

[Event "Tournoi Skype 028B"]
[Site "Skype"]
[Date "????.??.??"]
[Round "5.42"]
[White "Bonilla, Cesar"]
[Black "Gomez Caballero, Blas"]
[Result "1-0"]
[WhiteElo "1172"]
[BlackElo "1000"]
[PlyCount "45"]

1. d4 d5 2. Bf4 e6 3. e3 Bd6 4. Bg3 Nf6 5. Nd2 Nbd7 6. Ngf3 O-O 7. Bd3 Bxg3 8.
hxg3 h6 9. Ne5 Qe7 10. f4 c5 11. c3 Qe8 12. g4 c4 13. Bc2 Nh7 14. g5 g6 15.
Rxh6 Nxe5 16. fxe5 Nxg5 17. Qg4 Nh7 18. O-O-O Kg7 19. Rdh1 Rh8 20. Qh4 Qg8 21.
Bxg6 fxg6 22. Rxh7+ Rxh7 23. Qf6# 1-0

[Event "Tournoi Skype 028B"]
[Site "Skype"]
[Date "????.??.??"]
[Round "5.43"]
[White "Conde, Abigail"]
[Black "Vaquero, Roberto"]
[Result "0-1"]
[WhiteElo "1117"]
[BlackElo "1000"]
[PlyCount "56"]

1. d4 d5 2. Bf4 Bf5 3. Nd2 Nf6 4. c3 e6 5. Ngf3 c5 6. e3 c4 7. Nh4 Bg6 8. Be2
Bd6 9. Bg3 O-O 10. Bf3 Qc7 11. Bg4 Bd3 12. b3 b5 13. Qf3 Nbd7 14. a4 Nxg4 15.
Qxg4 Nf6 16. Qf3 a6 17. Bf4 Bxf4 18. exf4 Qe7 19. a5 Ne4 20. Nxe4 Bxe4 21. Qe3
Qxh4 22. bxc4 bxc4 23. Ra4 Bxg2 24. Rg1 Qxh2 25. f3 Rab8 26. Ra1 Rb2 27. Kd1
Rfb8 28. Kc1 Bxf3 0-1

[Event "Tournoi Skype 028B"]
[Site "Skype"]
[Date "????.??.??"]
[Round "5.44"]
[White "Llabres, Sergio"]
[Black "Conde, Ramon"]
[Result "0-1"]
[WhiteElo "1000"]
[BlackElo "1113"]
[PlyCount "52"]

1. d4 Nf6 2. Nf3 d6 3. b3 g6 4. Bb2 Bg7 5. e3 O-O 6. Bd3 b6 7. O-O Bb7 8. Re1
Nbd7 9. Nbd2 Re8 10. e4 e5 11. dxe5 dxe5 12. Nxe5 Nxe5 13. Bxe5 Rxe5 14. Nf3
Re8 15. Rb1 Nxe4 16. Bxe4 Bxe4 17. Re3 Bb7 18. Rxe8+ Qxe8 19. c4 Rd8 20. Qc1
Be4 21. h3 Bxb1 22. Qxb1 Qd7 23. Kh2 Qd6+ 24. g3 Qd1 25. Qe4 f5 26. Kg2 fxe4
0-1

[Event "Tournoi Skype 028B"]
[Site "Skype"]
[Date "????.??.??"]
[Round "5.45"]
[White "Sosa, Juan Carlos"]
[Black "De Nobrega, George"]
[Result "0-1"]
[WhiteElo "1000"]
[BlackElo "1295"]
[PlyCount "116"]

1. d4 Nf6 2. Bf4 g6 3. Nc3 Bg7 4. Nf3 d5 5. e3 a6 6. h3 Bf5 7. Nd2 Nbd7 8. e4
dxe4 9. Ndxe4 Nxe4 10. Qf3 Nxc3 11. Qxc3 c5 12. Bd3 cxd4 13. Qb3 Bxd3 14. cxd3
Qa5+ 15. Bd2 Qb6 16. Qa3 Rc8 17. O-O Bf6 18. Rac1 O-O 19. Bb4 Rxc1 20. Rxc1 Re8
21. Ba5 Qb5 22. Rc7 Ne5 23. Bb4 Nc6 24. Bc5 b6 25. Rb7 Qxc5 26. Qxc5 bxc5 27.
Rb6 Nb8 28. a4 Rc8 29. a5 e6 30. f4 Bd8 31. Rb7 Bxa5 32. g4 Kg7 33. Kg2 Bd8 34.
Kg3 a5 35. h4 Nc6 36. g5 Nb4 37. Kf3 Nxd3 38. Ke4 Nf2+ 39. Kf3 Nh3 40. Ke4 Nxf4
41. Kxf4 d3 42. Ke3 c4 43. Kd2 h6 44. gxh6+ Kxh6 45. Rxf7 Bxh4 46. Rf4 Bg5 47.
Ke3 Bxf4+ 48. Kxf4 d2 49. b4 d1=Q 50. bxa5 Qd5 51. a6 Ra8 52. a7 Rxa7 53. Kg4
c3 54. Kf4 Ra4+ 55. Ke3 Rd4 56. Ke2 Qe4+ 57. Kf1 Rd2 58. Kg1 Qb1# 0-1

[Event "Tournoi Skype 028B"]
[Site "Skype"]
[Date "????.??.??"]
[Round "5.46"]
[White "Munoz Gonzalez, Martin"]
[Black "Martinez, Danny"]
[Result "1-0"]
[WhiteElo "1406"]
[BlackElo "1090"]
[PlyCount "127"]

1. d4 Nf6 2. Bf4 g6 3. Nf3 Bg7 4. e3 O-O 5. Nbd2 d6 6. Bd3 Nbd7 7. O-O c5 8. c3
Qb6 9. Qb3 cxd4 10. exd4 Qxb3 11. axb3 Nb6 12. Nc4 Be6 13. Ra3 Nbd5 14. Bg5 a6
15. Ne3 Rfc8 16. Nxd5 Bxd5 17. Nd2 b5 18. Ra5 Bb7 19. Re1 Rc7 20. Ne4 Nxe4 21.
Bxe4 Bxe4 22. Rxe4 e6 23. Bf4 Rc6 24. Re1 d5 25. Rea1 Kf8 26. Rxb5 axb5 27.
Rxa8+ Ke7 28. Ra7+ Ke8 29. Kf1 Bf6 30. Ra5 Rb6 31. Ke2 Rb7 32. Kd3 Ke7 33. Be5
Bxe5 34. dxe5 Rb8 35. f4 Rb7 36. Kd4 b4 37. c4 dxc4 38. bxc4 Rd7+ 39. Ke3 Rc7
40. b3 Rd7 41. Ra1 Kd8 42. Ra4 Rb7 43. g3 Kc7 44. Kd4 Kc6 45. Ra6+ Rb6 46.
Rxb6+ Kxb6 47. c5+ Kb5 48. c6 Kxc6 49. Kc4 h6 50. Kxb4 Kb6 51. Kc4 Kc6 52. Kb4
Kb6 53. Ka4 Ka6 54. b4 Kb6 55. b5 h5 56. h3 Kb7 57. Ka5 Ka7 58. b6+ Kb7 59. Kb5
Kb8 60. Kc6 Kc8 61. g4 h4 62. b7+ Kb8 63. Kb6 g5 64. fxg5 1-0

[Event "Tournoi Skype 028B"]
[Site "Skype"]
[Date "????.??.??"]
[Round "5.47"]
[White "Codina, Teresa"]
[Black "Santamaria Garcia, Jesus"]
[Result "0-1"]
[WhiteElo "1310"]
[BlackElo "1022"]
[PlyCount "81"]

1. d4 d5 2. Bf4 Bf5 3. Nf3 Nf6 4. e3 g6 5. Be2 Bg7 6. h3 O-O 7. Nbd2 Re8 8. O-O
Nc6 9. a3 a6 10. c4 Ne4 11. Rc1 Qd7 12. g4 Nxd2 13. Qxd2 Be6 14. Bd3 h5 15. Ne5
Nxe5 16. Bxe5 Bxe5 17. dxe5 hxg4 18. f4 gxh3 19. Kh2 dxc4 20. Rcd1 cxd3 21. Qf2
Rad8 22. Rd2 Bf5 23. Rfd1 Be4 24. Qg3 Bg2 25. e4 Bxe4 26. Qe3 Bf5 27. Qg3 Bg4
28. Rxd3 Qf5 29. Rxd8 Bxd1 30. Rxe8+ Kg7 31. Qg5 Qc2+ 32. Kxh3 Qd3+ 33. Qg3
Qf1+ 34. Qg2 Qxf4 35. Rxe7 Qh6+ 36. Kg3 Qg5+ 37. Kh2 Qxe7 38. Qg3 c5 39. Qf4
Be2 40. Qf6+ Qxf6 41. exf6+ 0-1

[Event "Tournoi Skype 028B"]
[Site "Skype"]
[Date "????.??.??"]
[Round "5.48"]
[White "Cifuentes, Jorge Mario"]
[Black "Malbec, Robert"]
[Result "0-1"]
[WhiteElo "1000"]
[BlackElo "1214"]
[PlyCount "50"]

1. e4 e5 2. Bc4 Bc5 3. Nf3 Nc6 4. Nc3 Nf6 5. d3 d6 6. h3 h6 7. g4 Nh7 8. h4
Bxg4 9. Rg1 h5 10. Rxg4 hxg4 11. Bg5 f6 12. Nd5 fxg5 13. Qd2 gxf3 14. O-O-O Qd7
15. Nf6+ gxf6 16. Qxg5 fxg5 17. c3 Bxf2 18. d4 Be3+ 19. Kc2 exd4 20. cxd4 Nxd4+
21. Kc3 b5 22. Bd5 c6 23. Kd3 cxd5 24. Kxe3 Qg4 25. Rxd4 Qf4+ 0-1

[Event "Tournoi Skype 028B"]
[Site "Skype"]
[Date "????.??.??"]
[Round "5.49"]
[White "Crocioni, Luca"]
[Black "Conde, Carmen"]
[Result "0-1"]
[WhiteElo "1000"]
[BlackElo "1207"]
[PlyCount "84"]

1. e4 d5 2. exd5 Qxd5 3. Nc3 Qa5 4. Bd3 g6 5. Nf3 Bg7 6. O-O Nf6 7. Bc4 e6 8.
d3 c6 9. Bd2 Qc7 10. Qc1 Nbd7 11. Bf4 Qb6 12. Be3 c5 13. d4 Ng4 14. dxc5 Nxc5
15. Bb5+ Bd7 16. Bxd7+ Kxd7 17. Qd2+ Ke7 18. Bxc5+ Qxc5 19. Ne4 Qc7 20. Qg5+
Nf6 21. Nc3 Rhd8 22. Rfe1 Kf8 23. Qh4 a6 24. Qb4+ Kg8 25. Ne2 Rac8 26. c3 b5
27. Ned4 Re8 28. Rad1 Bf8 29. Qb3 Bd6 30. Qc2 Ng4 31. g3 h5 32. Nh4 Kg7 33.
Ndf3 Bc5 34. Kf1 Bxf2 35. Qe4 Bxe1 36. Rxe1 Qc5 37. Qe2 e5 38. Kg2 Qc6 39. Kh3
e4 40. Nd4 Qd5 41. Rd1 e3 42. Ndf3 Nf2+ 0-1

[Event "Tournoi Skype 028B"]
[Site "Skype"]
[Date "????.??.??"]
[Round "5.50"]
[White "Baker, Abi"]
[Black "Jimenez Del Rosario, Alsis Raynely"]
[Result "0-1"]
[WhiteElo "1188"]
[BlackElo "1000"]
[PlyCount "78"]

1. c4 Nf6 2. d4 g6 3. Nc3 Bg7 4. e4 d6 5. d5 O-O 6. Qc2 e6 7. Be3 exd5 8. exd5
Ng4 9. O-O-O Bf5 10. Bd3 Nxe3 11. fxe3 Bxd3 12. Qxd3 Qg5 13. Nf3 Qxg2 14. Nh4
Qg5 15. Nf3 Qf6 16. h4 Qxf3 17. Rh2 Nd7 18. Qe4 Qxe4 19. Nxe4 Rae8 20. Ng5 Rxe3
21. Nxh7 Kxh7 22. h5 Bh6 23. Rdh1 Rh3+ 24. Kc2 Rxh2+ 25. Rxh2 Ne5 26. b3 f5 27.
hxg6+ Kxg6 28. a4 f4 29. Kc3 f3 30. Kd4 f2 31. Rg2+ Bg5 32. Rxf2 Rxf2 33. c5
Rd2+ 34. Kc3 Rxd5 35. cxd6 Rxd6 36. b4 a6 37. a5 Bd2+ 38. Kb3 Nc6 39. Kc4 Bxb4
0-1

[Event "Tournoi Skype 028B"]
[Site "Skype"]
[Date "????.??.??"]
[Round "5.51"]
[White "Reese, Evan"]
[Black "Franca, Adilson Mendes"]
[Result "0-1"]
[WhiteElo "1178"]
[BlackElo "1000"]
[PlyCount "86"]

1. e4 e5 2. Nc3 d6 3. g3 Nf6 4. Bg2 Be7 5. Nge2 Bg4 6. O-O Nc6 7. d3 O-O 8. Be3
Nd4 9. Qd2 Nxe2+ 10. Nxe2 d5 11. exd5 Nxd5 12. d4 Nxe3 13. fxe3 Bxe2 14. Qxe2
exd4 15. Rad1 c5 16. c3 Bf6 17. Qd3 dxe3 18. Qxe3 Qe7 19. Qf3 Rad8 20. Rde1 Qc7
21. Qg4 Rd6 22. Be4 h6 23. Rf5 c4 24. Ref1 Qb6+ 25. R1f2 g6 26. Kg2 Bg7 27.
R5f3 h5 28. Qg5 Re6 29. Bd5 Re5 30. Bxf7+ Rxf7 31. Qxe5 Bxe5 32. Rxf7 Qc6+ 33.
Kh3 Qe6+ 34. Kh4 Bg7 35. h3 Kh7 36. g4 hxg4 37. hxg4 g5+ 38. Kh3 Qh6+ 39. Kg2
Qh4 40. Kf3 Qh3+ 41. Ke2 Qxg4+ 42. Kf1 Qh3+ 43. Kg1 g4 0-1

[Event "Tournoi Skype 028B"]
[Site "Skype"]
[Date "????.??.??"]
[Round "5.53"]
[White "Huerta, Jesus"]
[Black "Escudero Ocana, Francisco"]
[Result "1-0"]
[WhiteElo "1000"]
[BlackElo "1398"]
[PlyCount "93"]

1. d4 Nf6 2. c4 e6 3. Nc3 Bb4 4. g3 Ne4 5. Qc2 d5 6. Bg2 Nxc3 7. bxc3 Ba5 8. e4
c6 9. Ne2 Nd7 10. O-O Bc7 11. cxd5 cxd5 12. Re1 dxe4 13. Bxe4 Nf6 14. Bg5 h6
15. Bxf6 Qxf6 16. Qa4+ Bd7 17. Qb4 Rb8 18. Bxb7 Qe7 19. Rab1 Qxb4 20. Rxb4 Bd6
21. Rbb1 O-O 22. d5 e5 23. Bc6 Rxb1 24. Rxb1 Bf5 25. Rb7 Bd3 26. Kf1 a6 27. Ke1
f5 28. Rd7 Rf6 29. Kd2 e4 30. Nf4 Bc4 31. Nh5 Rg6 32. Nxg7 Rxg7 33. Rxd6 Bxa2
34. Rxh6 Bc4 35. d6 Kf8 36. Rh8+ Rg8 37. Rxg8+ Bxg8 38. d7 Ke7 39. Ke3 a5 40.
Kf4 Be6 41. h4 Bb3 42. h5 a4 43. h6 a3 44. h7 a2 45. h8=Q a1=Q 46. d8=Q+ Ke6
47. Qhe8# 1-0

[Event "Tournoi Skype 028B"]
[Site "Skype"]
[Date "????.??.??"]
[Round "5.54"]
[White "Arias, Iliak"]
[Black "Ruiz Gomez, Luz Alba"]
[Result "0-1"]
[WhiteElo "1000"]
[BlackElo "1190"]
[PlyCount "182"]

1. e4 e5 2. Nf3 Nc6 3. Bc4 Bc5 4. d3 Nf6 5. Ng5 d5 6. exd5 Nxd5 7. O-O O-O 8.
Nc3 Be6 9. Bd2 h6 10. Nge4 Nd4 11. Nxc5 b6 12. N5e4 c6 13. Be3 Nf5 14. Bd2 Rc8
15. Ba6 Rb8 16. Ne2 b5 17. c3 Qb6 18. d4 exd4 19. cxd4 Qxa6 20. a4 Qb6 21. a5
Qd8 22. Qc2 Rc8 23. b4 a6 24. Nf4 Nxd4 25. Qc1 Nb3 26. Qb2 Nxa1 27. Rxa1 Bf5
28. Nh5 f6 29. Nc5 Qe7 30. Nxa6 Bg4 31. Re1 Qf7 32. Ng3 Rfe8 33. Rc1 Be2 34.
Nc5 Re7 35. Nge4 Rd8 36. Qc2 Bg4 37. a6 Qg6 38. Nb7 Bf3 39. Ng3 Qxc2 40. Rxc2
Ra8 41. gxf3 Rxa6 42. Nc5 Ra3 43. Kg2 Ra8 44. Nf5 Re5 45. Nd4 Rd8 46. Nce6 Re8
47. f4 Re4 48. f3 Ne3+ 49. Bxe3 Rxe3 50. Kf2 Rd3 51. Rxc6 Rd2+ 52. Ke3 Rxh2 53.
Rc7 Rb2 54. Rxg7+ Kh8 55. Rd7 Rxb4 56. Kd3 Rb1 57. Kc2 Rb4 58. f5 Rc4+ 59. Kd3
Rb4 60. Rf7 Rc8 61. Rxf6 Kh7 62. Rf7+ Kg8 63. Rg7+ Kh8 64. f6 Rg8 65. f7 Rf8
66. Nf5 Rb3+ 67. Kc2 Rxf3 68. Nxf8 Rf2+ 69. Kb3 Rf3+ 70. Kb4 Rf4+ 71. Kxb5
Rxf5+ 72. Kc6 Kxg7 73. Ne6+ Kxf7 74. Nd4 Rf6+ 75. Kd5 h5 76. Ke5 Rf1 77. Nc2 h4
78. Ke4 h3 79. Ke3 h2 80. Kd3 h1=Q 81. Ne3 Re1 82. Kd4 Qh4+ 83. Kd3 Qh3 84. Kc4
Qxe3 85. Kd5 Rd1+ 86. Kc4 Qd3+ 87. Kc5 Rc1+ 88. Kb4 Qc3+ 89. Kb5 Rb1+ 90. Ka6
Qc6+ 91. Ka5 Qb5# 0-1

[Event "Tournoi Skype 028B"]
[Site "Skype"]
[Date "????.??.??"]
[Round "5.56"]
[White "Pourtahmasbi, Ednun"]
[Black "Mira Poveda, Jose Antonio"]
[Result "1-0"]
[WhiteElo "1125"]
[BlackElo "1000"]
[PlyCount "61"]

1. e4 e5 2. Nf3 Nf6 3. Nc3 Nc6 4. Bb5 a6 5. Bxc6 dxc6 6. Qe2 Bc5 7. d3 O-O 8.
Be3 Bxe3 9. Qxe3 Ng4 10. Qe2 Be6 11. O-O-O Qd6 12. d4 exd4 13. Rxd4 Qc5 14.
Rdd1 Qe7 15. Nd4 Rad8 16. f3 Ne5 17. f4 Nc4 18. f5 Bxf5 19. Nxf5 Rxd1+ 20. Rxd1
Qg5+ 21. Kb1 Rd8 22. Qxc4 Rxd1+ 23. Nxd1 Qxg2 24. Ne7+ Kf8 25. Qc5 Qd2 26. Ng6+
Ke8 27. Qf8+ Kd7 28. Qe7+ Kc8 29. Qe8+ Qd8 30. Ne7+ Kb8 31. Qxd8+ 1-0

[Event "Tournoi Skype 028B"]
[Site "Skype"]
[Date "????.??.??"]
[Round "5.57"]
[White "Ruiz Aguilera, Juan Jesus"]
[Black "Quiel, Aristoteles"]
[Result "0-1"]
[WhiteElo "1083"]
[BlackElo "1000"]
[PlyCount "136"]

1. e4 e5 2. Nf3 Nc6 3. Bc4 Nf6 4. Ng5 d5 5. exd5 Nd4 6. d3 h6 7. Nf3 Nxd5 8.
Be3 Bg4 9. h3 Nxf3+ 10. gxf3 Bf5 11. Bxd5 Qxd5 12. Nc3 Bb4 13. a3 Bxc3+ 14.
bxc3 O-O-O 15. c4 Qe6 16. Qe2 Bxh3 17. O-O-O Rhe8 18. Rde1 b6 19. Rhg1 g5 20.
a4 c5 21. Rg3 Bf5 22. Rh1 a5 23. Bd2 Kb7 24. Bc3 Qd6 25. Kd2 Qc6 26. Rgg1 Rd7
27. Re1 Rde7 28. Qf1 g4 29. fxg4 Bxg4 30. Re3 h5 31. f3 Bc8 32. Rxh5 f6 33. Qf2
Qc7 34. Qg3 Rg7 35. Qf2 Be6 36. Rh4 Rg5 37. f4 Rf5 38. Rf3 Qc6 39. Ke3 Bf7 40.
fxe5 Rxf3+ 41. Qxf3 Qxf3+ 42. Kxf3 fxe5 43. Rh7 Rf8 44. Bxe5 Ka6 45. Bd6 Bh5+
46. Ke3 Re8+ 47. Kd2 Re2+ 48. Kc3 Be8 49. Kb3 Re1 50. Re7 Rb1+ 51. Ka2 Rb4 52.
Ka3 Rxa4+ 53. Kb3 Rb4+ 54. Ka3 Bc6 55. Be5 a4 56. Bc3 Rb1 57. Re6 Kb7 58. Re5
Rc1 59. Re2 Rd1 60. Rd2 Rf1 61. Re2 Bf3 62. Re7+ Ka6 63. Re1 Rf2 64. d4 Rxc2
65. Re3 cxd4 66. Bxd4 Rxc4 67. Rxf3 Rxd4 68. Rf1 Ka5 0-1

[Event "Tournoi Skype 028B"]
[Site "Skype"]
[Date "????.??.??"]
[Round "5.58"]
[White "Ramirez, Luis Antonio"]
[Black "Rodriguez, Gisselle"]
[Result "1-0"]
[WhiteElo "1075"]
[BlackElo "1000"]
[PlyCount "35"]

1. e4 e5 2. Qh5 Nf6 3. Qxe5+ Qe7 4. Qf4 d6 5. Be2 Be6 6. d3 Nbd7 7. Nf3 a5 8.
Nc3 Ra6 9. O-O g6 10. d4 Nh5 11. Qd2 Bg7 12. Bxa6 bxa6 13. Re1 d5 14. exd5 Bxd4
15. Nxd4 Bg4 16. Rxe7+ Kxe7 17. Qe3+ Kf6 18. Nc6 1-0

[Event "Tournoi Skype 028B"]
[Site "Skype"]
[Date "????.??.??"]
[Round "5.59"]
[White "Latterra, Jeremias"]
[Black "Rodriguez Tovar, Liliana"]
[Result "1/2-1/2"]
[WhiteElo "1065"]
[BlackElo "1000"]
[PlyCount "75"]

1. e4 e5 2. Nf3 d6 3. Bc4 Nd7 4. O-O Ngf6 5. Ng5 d5 6. exd5 Be7 7. d6 Bxd6 8.
Nxf7 Qe7 9. Nxh8 Nc5 10. Bf7+ Kd8 11. Qf3 Bg4 12. Qg3 Kd7 13. Nc3 Rxh8 14. h3
Bf5 15. Qxg7 Rd8 16. d3 Nh5 17. Bg5 Nxg7 18. Bxe7 Kxe7 19. Bc4 Kd7 20. Rad1 Kc8
21. f3 Nh5 22. Ne2 Nf6 23. g4 Bg6 24. f4 exf4 25. Nxf4 Be8 26. Ne6 Nxe6 27.
Bxe6+ Kb8 28. Rxf6 Bc5+ 29. Kg2 Bc6+ 30. Kg3 Bd6+ 31. Kh4 Be8 32. Rf8 Bxf8 33.
c4 Rd6 34. Bd5 Rh6+ 35. Kg3 Bd6+ 36. Kf3 c6 37. Kg2 cxd5 38. Re1 1/2-1/2

[Event "Tournoi Skype 028B"]
[Site "Skype"]
[Date "????.??.??"]
[Round "5.60"]
[White "Bland, Marilyn"]
[Black "Tolaro, Filippa"]
[Result "1-0"]
[WhiteElo "1000"]
[BlackElo "1065"]
[PlyCount "37"]

1. d4 d5 2. Nf3 Nf6 3. Bf4 Bf5 4. e3 e6 5. Be2 c5 6. Nbd2 cxd4 7. exd4 Be7 8.
c4 Nbd7 9. O-O Rc8 10. Qb3 b6 11. Rac1 Nh5 12. Bg5 Bxg5 13. Nxg5 Qxg5 14. Nf3
Bh3 15. Nxg5 Nf4 16. Qf3 Bxg2 17. Qxf4 Bxf1 18. Qxf7+ Kd8 19. Nxe6# 1-0

[Event "Tournoi Skype 028B"]
[Site "Skype"]
[Date "????.??.??"]
[Round "5.61"]
[White "Schuh, David"]
[Black "Souza, Jeferson De Oliveira"]
[Result "0-1"]
[WhiteElo "1057"]
[BlackElo "1000"]
[PlyCount "38"]

1. d4 f5 2. c4 Nf6 3. Nc3 e6 4. Nf3 c6 5. g3 c5 6. Bg2 Nc6 7. d5 exd5 8. cxd5
Nd4 9. O-O Bd6 10. Bf4 Bxf4 11. gxf4 O-O 12. Nxd4 cxd4 13. Qxd4 Ng4 14. Nb5 Rf6
15. Rac1 Rh6 16. Nc7 Rxh2 17. Nxa8 Qh4 18. f3 Rxg2+ 19. Kxg2 Qh2# 0-1

[Event "Tournoi Skype 028B"]
[Site "Skype"]
[Date "????.??.??"]
[Round "5.62"]
[White "Chamorro Cajina, Ivan Antonio"]
[Black "Gagnon, Sindy"]
[Result "1-0"]
[WhiteElo "1000"]
[BlackElo "1043"]
[PlyCount "31"]

1. d4 d5 2. Qd3 h6 3. e4 Nf6 4. e5 Ne4 5. f3 Ng5 6. Nc3 g6 7. f4 Bf5 8. Qb5+ c6
9. Qxb7 Nd7 10. Qxc6 Ne6 11. Nxd5 Nxd4 12. Nc7+ Qxc7 13. Qxc7 Nxc2+ 14. Kd1
Nxa1 15. Bb5 e6 16. Qxd7# 1-0

[Event "Tournoi Skype 028B"]
[Site "Skype"]
[Date "????.??.??"]
[Round "5.63"]
[White "Nakamura, Seiichi"]
[Black "Trapletti, Cosetta"]
[Result "1-0"]
[WhiteElo "1000"]
[BlackElo "1026"]
[PlyCount "67"]

1. d4 d5 2. Bf4 Nf6 3. Nf3 Bf5 4. h3 e6 5. e3 c5 6. c3 h6 7. Bd3 Bxd3 8. Qxd3
Nc6 9. Qc2 Be7 10. O-O O-O 11. Nbd2 c4 12. Ne5 Nh5 13. Bh2 Qc7 14. Nxc6 Qxc6
15. Nf3 Nf6 16. Ne5 Qc7 17. Rfe1 Ne4 18. a4 a5 19. Nxf7 Qd7 20. Ne5 Qe8 21. Re2
Bf6 22. Nxc4 Rf7 23. Nd6 Qe7 24. Nxf7 Qxf7 25. Rd1 Re8 26. c4 Qc7 27. Bxc7 Rc8
28. cxd5 exd5 29. f3 Ng5 30. Rc1 Ne6 31. Qf5 Kf7 32. Qxd5 g5 33. Qd7+ Be7 34.
Qxc8 1-0

[Event "Tournoi Skype 028B"]
[Site "Skype"]
[Date "????.??.??"]
[Round "5.64"]
[White "Vasquez Donaire, Ivis Godofredo"]
[Black "Orellana, Claudia"]
[Result "1-0"]
[WhiteElo "1000"]
[BlackElo "1000"]
[PlyCount "69"]

1. e4 e5 2. Nf3 Nc6 3. Bc4 Nf6 4. d3 Bb4+ 5. c3 Bc5 6. O-O d6 7. h3 O-O 8. Bb3
d5 9. Re1 b5 10. Bc2 Bd7 11. Nbd2 dxe4 12. Nxe4 Nd5 13. Nxc5 Bf5 14. Ng5 f6 15.
Nce6 Qe7 16. Nxf8 fxg5 17. Bb3 Rd8 18. d4 Kxf8 19. Re3 a5 20. Rg3 h6 21. Qf3 g6
22. Bxd5 exd4 23. Bd2 dxc3 24. bxc3 Ne5 25. Qd1 c6 26. f4 Nf7 27. fxg5 cxd5 28.
gxh6 Qh4 29. Be1 Qxh6 30. c4 bxc4 31. Bxa5 Rb8 32. Qxd5 Qf4 33. Qc5+ Nd6 34.
Rf3 Rb2 35. Rxf4 1-0

[Event "Tournoi Skype 028B"]
[Site "Skype"]
[Date "????.??.??"]
[Round "5.65"]
[White "Schnell, Nicolas"]
[Black "Duenas Luna, Carlos Eduardo"]
[Result "1-0"]
[WhiteElo "1099"]
[BlackElo "1000"]
[PlyCount "53"]

1. e4 e5 2. d4 exd4 3. Qxd4 Nc6 4. Qd1 Bc5 5. Nc3 Qf6 6. Nf3 h6 7. Bc4 Bb4 8.
O-O Bxc3 9. e5 Nxe5 10. bxc3 Nxf3+ 11. gxf3 Qxc3 12. Re1+ Ne7 13. Qe2 Qf6 14.
Bd3 d6 15. Bb5+ c6 16. Rb1 cxb5 17. Rxb5 Be6 18. Rxb7 O-O 19. Bb2 Qg5+ 20. Kh1
Rfb8 21. Bc1 Qf6 22. Qe4 d5 23. Qb4 Qxf3+ 24. Kg1 Rxb7 25. Qxb7 Re8 26. Qb3 d4
27. Qxf3 1-0

[Event "Tournoi Skype 028B"]
[Site "Skype"]
[Date "????.??.??"]
[Round "5.66"]
[White "Fuentes, Francisco"]
[Black "Rodgerson, Michael"]
[Result "1-0"]
[WhiteElo "1000"]
[BlackElo "1000"]
[PlyCount "97"]

1. d4 Nc6 2. Nf3 d6 3. Ne5 dxe5 4. c4 Bd7 5. e3 e6 6. c5 Be7 7. Bc4 exd4 8.
exd4 b6 9. Nc3 b5 10. Nxb5 a6 11. Nc3 Ra7 12. b3 Rb7 13. d5 Ne5 14. Bxa6 Ra7
15. Bb5 Qb8 16. Bf4 Nc4 17. Bxc4 e5 18. Bxe5 f6 19. Bxc7 Qxc7 20. d6 Bxd6 21.
Nb5 Qc8 22. Nxa7 Qa8 23. O-O Qxa7 24. Qxd6 Bg4 25. Rfe1+ Ne7 26. Rxe7+ Qxe7 27.
Qxe7+ Kxe7 28. Re1+ Kd7 29. Bb5+ Kd8 30. Rd1+ Ke7 31. a4 Rb8 32. Bc6 Rc8 33.
Bd7 Bxd7 34. c6 Bxc6 35. a5 f5 36. Re1+ Kf7 37. a6 f4 38. Re5 Re8 39. Rf5+ Ke7
40. g3 f3 41. Kf1 Rf8 42. Re5+ Kd7 43. Rc5 Bb5+ 44. Kg1 Bxa6 45. h4 Rh8 46.
Rd5+ Kc7 47. b4 Re8 48. Rc5+ Kb6 49. Rc1 1-0

[Event "Tournoi Skype 028B"]
[Site "Skype"]
[Date "????.??.??"]
[Round "5.67"]
[White "Martins, Rodrigo Baldo"]
[Black "Guevara, Lizbeth"]
[Result "1-0"]
[WhiteElo "1000"]
[BlackElo "1000"]
[PlyCount "119"]

1. d4 d5 2. Nf3 e6 3. Bf4 Nc6 4. c3 Nf6 5. Nbd2 h6 6. e3 Be7 7. Bb5 O-O 8. O-O
a6 9. Bd3 Bd6 10. Ne5 Bd7 11. Ndf3 Nxe5 12. Nxe5 Bb5 13. c4 dxc4 14. Be4 Nxe4
15. f3 Bxe5 16. Bxe5 Bc6 17. Qc2 b5 18. fxe4 Qg5 19. Bxc7 Qxe3+ 20. Rf2 Qxd4
21. Re1 f6 22. h3 Rac8 23. Bg3 Rf7 24. Kh2 Rcf8 25. Ref1 Bxe4 26. Qe2 f5 27.
Rf4 Qd3 28. Qf2 Rf6 29. Rh4 Qxg3+ 30. Qxg3 R8f7 31. Qb8+ Kh7 32. Qe5 Bd3 33.
Rd1 Rg6 34. Rd2 Rff6 35. Rd4 Bf1 36. Qc7 Rxg2+ 37. Rxg2 Bxg2 38. Kxg2 Rg6+ 39.
Kf3 Rf6 40. Qg3 g5 41. Qc7+ Kg6 42. Qd8 g4+ 43. hxg4 fxg4+ 44. Kxg4 h5+ 45. Kh3
Kg5 46. Qg8+ Kf5 47. Kh4 Ke5 48. Rd2 Rf4+ 49. Kxh5 Rf5+ 50. Kh6 Rf6+ 51. Kg7
Rf5 52. Re2+ Kd5 53. Qd8+ Kc5 54. Qc8+ Kd5 55. Qa8+ Kd4 56. Qe4+ Kc5 57. Qxe6
Rf3 58. Qe7+ Kb6 59. Qd6+ Ka5 60. Qc7+ 1-0

[Event "Tournoi Skype 028B"]
[Site "Skype"]
[Date "????.??.??"]
[Round "6.1"]
[White "Cabrera Sosa, Marco Vinicio"]
[Black "Alarcon Alarcon, Florentina"]
[Result "1-0"]
[WhiteElo "1364"]
[BlackElo "1363"]
[PlyCount "137"]

1. e4 e5 2. Nf3 Nc6 3. Bc4 Be7 4. c3 d6 5. O-O Nf6 6. d3 O-O 7. Be3 Bg4 8. Nbd2
Na5 9. Bb3 Nxb3 10. Qxb3 b6 11. h3 Be6 12. Qd1 c5 13. d4 cxd4 14. cxd4 Qc7 15.
d5 Bd7 16. Rc1 Qb7 17. Bg5 h6 18. Bxf6 Bxf6 19. Re1 Rfc8 20. Nb3 Rxc1 21. Qxc1
Rc8 22. Qe3 Rc2 23. Rc1 Rxc1+ 24. Qxc1 a5 25. Qc3 a4 26. Nbd2 b5 27. b4 Bd8 28.
a3 g5 29. g4 Bb6 30. Nb1 Qa7 31. Qd2 f6 32. Qe2 Kg7 33. Kg2 Kg6 34. Kg3 Qc7 35.
Qd3 Qc1 36. Nbd2 Qb2 37. h4 Bd4 38. h5+ Kg7 39. Nxd4 exd4 40. Nf3 Qc3 41. Qxc3
dxc3 42. Nd4 Kf7 43. f3 Ke7 44. Kf2 Kd8 45. Ke3 Ke7 46. Kd3 f5 47. exf5 Kf6 48.
Ke4 Be8 49. Nc2 Bf7 50. Ne3 Ke7 51. f4 gxf4 52. Kxf4 c2 53. Nxc2 Bxd5 54. Ne3
Bf7 55. Nc2 Kf6 56. Nd4 Be8 57. Ne6 Bf7 58. Nc7 Bc4 59. Ne8+ Ke7 60. Nc7 Kf6
61. Na8 d5 62. Ke3 d4+ 63. Kxd4 Kg5 64. Ke5 Kxg4 65. Nc7 Kxh5 66. Ne6 Bxe6 67.
Kxe6 Kg5 68. f6 Kg6 69. Ke7 1-0

[Event "Tournoi Skype 028B"]
[Site "Skype"]
[Date "????.??.??"]
[Round "6.2"]
[White "Bendre, Pankaj"]
[Black "San Isidro, Josep"]
[Result "1/2-1/2"]
[WhiteElo "1182"]
[BlackElo "1406"]
[PlyCount "65"]

1. d4 d5 2. Bf4 e6 3. c3 Bd6 4. Bg3 Nf6 5. e3 O-O 6. Nd2 c5 7. Ngf3 b6 8. Be2
Nc6 9. Bb5 Bb7 10. Bh4 a6 11. Bxc6 Bxc6 12. Qc2 Be7 13. O-O Ne4 14. Bxe7 Qxe7
15. Ne5 Bb7 16. Rfe1 f6 17. Nef3 Rae8 18. Nh4 g5 19. Nhf3 g4 20. Nh4 f5 21. g3
Qd8 22. Nxe4 fxe4 23. Ng2 Rf7 24. Nf4 cxd4 25. cxd4 Rc7 26. Qb3 b5 27. Qd1 Qg5
28. Rc1 Rxc1 29. Qxc1 e5 30. Ng2 exd4 31. exd4 Qxc1 32. Rxc1 Rc8 33. Rxc8+
1/2-1/2